00463 a2200157 4500010001400000020002300014035001300037037001500050082001100065100001500076245006500091260004800156270005100204300002300255490002700278 aENG-86184 a8123749563c250.00 aEN-69717 bDBAD / PUB14a327.541 aDutt, V.P.1 aIndia's foreign policy :cby V.P. Duttbsince independence / aNew DelhibNational Book Trust, Indiac2007 aA-5, Green ParkbNew DelhicNew Delhie110 016 a247p.c21 cm. (Hb) aPopular Social Science